LEADER 00990nas 2200385 c 450 001 9910894150903321 005 20260218110614.0 035 $a(CKB)2670000000385724 035 $a(DE-101)1026171873 035 $a(DE-599)ZDB2683152-1 035 $a(DE-599)2683152-1 035 $a(EXLCZ)992670000000385724 100 $a20120921a20109999 |y | 101 0 $aspa 135 $aur||||||||||| 181 $ctxt$2rdacontent 182 $cc$2rdamedia 183 $acr$2rdacarrier 200 00$aTextos & Sentidos $eTS$fUniversidad Cato?lica de Pereira 210 31$aPereira$d2010- 215 $aOnline-Ressource 300 $aGesehen am 20.09.2013 311 08$a2215-8812 517 3 $aTS 517 3 $aTextos y Sentidos 608 $aZeitschrift$2gnd-content 676 $a300 686 $a7,36$2ssgn 801 0$b0355 801 1$bDE-101 801 2$b9999 906 $aJOURNAL 912 $a9910894150903321 996 $aTextos & Sentidos$94232014 997 $aUNINA